Sports Quiz

Random Sports or Baseball Quiz

1986 MLB All-Star Game Rosters Quiz Stats

 Plays Quiz not verified by Sporcle

Also try: NASCAR Tracks
Challenge
Share
Tweet
Embed
Score 0/57 Timer 09:00
0 Plays Today
Team Player % Correct
AL StartersCal Ripken
98.3%
NL StartersOzzie Smith
98.3%
NL ReservesDave Smith
98.1%
AL StartersKirby Puckett
97.7%
NL StartersRyne Sandberg
97.1%
AL StartersWade Boggs
97%
NL StartersGary Carter
97%
AL ReservesGeorge Brett
97%
AL StartersRoger Clemens
96.8%
NL StartersTony Gwynn
96.4%
NL StartersMike Schmidt
96.4%
NL StartersDwight Gooden
96.4%
NL StartersKeith Hernandez
96%
AL ReservesWillie Hernandez
95.8%
NL StartersDarryl Strawberry
95.4%
AL ReservesDon Mattingly
93.7%
AL StartersLou Whitaker
93%
NL StartersDale Murphy
91.6%
NL ReservesGlenn Davis
91.2%
NL ReservesJody Davis
91.2%
NL ReservesChili Davis
91.2%
AL ReservesEddie Murray
90.1%
AL StartersRickey Henderson
89.9%
AL StartersDave Winfield
89.5%
AL StartersLanch Parrish
88.2%
AL ReservesFrank White
86.3%
NL ReservesTim Raines
85.3%
AL ReservesJim Rice
84.6%
AL ReservesTony Fernandez
84.4%
Team Player % Correct
NL ReservesSid Fernandez
84.4%
NL ReservesSteve Sax
84.2%
AL StartersWally Joyner
83.4%
AL ReservesJesse Barfield
78.9%
NL ReservesMike Scott
75.4%
AL ReservesJose Canseco
75%
AL ReservesRich Gedman
65.3%
NL ReservesTony Pena
65%
NL ReservesFernando Valenzuela
64.8%
AL ReservesLloyd Moseby
62.5%
AL ReservesHarold Baines
62.1%
AL ReservesDave Righetti
57.1%
AL ReservesTeddy Higuera
56.8%
NL ReservesDave Parker
55.8%
NL ReservesChris Brown
54.1%
AL ReservesBrook Jacoby
47.8%
AL ReservesMike Witt
46.7%
NL ReservesKevin Bass
43.6%
NL ReservesHubie Brooks
43.2%
AL ReservesCharlie Hough
43.2%
AL ReservesJim Presley
37.5%
NL ReservesJohn Franco
35%
NL ReservesJeff Reardon
33%
NL ReservesRick Rhoden
30.1%
NL ReservesMike Krukow
29.3%
AL ReservesDon Aase
19.8%
NL ReservesShane Rawley
17.9%
AL ReservesKen Schrom
8.2%

You're not logged in!

Compare scores with friends on all Sporcle quizzes.
OR
Log In

You Might Also Like...

Show Comments

Extras

Top Quizzes Today


Score Distribution

Your Account Isn't Verified!

In order to create a playlist on Sporcle, you need to verify the email address you used during registration. Go to your Sporcle Settings to finish the process.

Report this User

Report this user for behavior that violates our Community Guidelines.

Details: